| 000 | 00000nam##2200000za#4500 |
| 001 | 9.604800 |
| 003 | CaOODSP |
| 005 | 20220901164727 |
| 007 | cr ||||||||||| |
| 008 | 150406|1998||||xxc|||||o f|0| 0 fre|d |
| 040 | |aCaOODSP|bfre |
| 043 | |an-cn--- |
| 086 | 1 |aJ3-7/1998-7F-PDF |
| 110 | 1 |aCanada.|bJustice Canada. |
| 245 | 10|aL'entreposage sécuritaire dans les collectivités autochtones - examen exploratoire des programmes d'entreposage central des armes à feu au Manitoba / |h[ressource électronique]|c[par] E. Frank Cormier. |
| 260 | |aOttawa - Ontario : |bJustice Canada |c1998. |
| 490 | 1 |aRapport technique|vTR1998-7f |
| 500 | |aNon revu. «Centre canadien des armes à feu» |
| 590 | |a12-40-Supp|b2012-10-23 |
| 720 | 1 |aCormier, Frank |
| 775 | 08|tSafe storage in aboriginal communities - exploratory review of central firearm storage programs in Manitoba / |w(CaOODSP)9.575263 |
| 830 | #0|aRapport technique ;|vTR1998-7f|w(CaOODSP)9.502068 |
| 856 | 40|ahttp://publications.gc.ca|qPDF|s91 Ko|uhttps://publications.gc.ca/collections/collection_2012/jus/J3-7-1998-7-fra.pdf|yTR1998-7f |